00719nam a2200241 a 4500001001300000003000900013005001700022008004100039020001000080082001900090100001600109245008100125260003600206300000800242500003500250505001000285650001600295700001600311902000800327942000700335952012000342999001500462nice12345678IN_TiNIC20260116012401.0050524s1977 usaa grp 000 0 eng  ac10000a305.40954bWIL aWilkes, Joy aBut Were Notafraid to Speak Any Moreb Report on the Church World Service Co aUSAbChurch World Servicec1977 a40p aincludes index and biblioraphy2 aIndex aWomen-India1 aWilkes, Joy bSRS cBK 001040708StackRoom-aHMIbHMId2007-07-31g100.00l0o305.40954 WILp012292r2007-07-31v100.00w2005-05-24yBK c6801d6801